Normal view
MARC view
Entry Topical Term
001 - CONTROL NUMBER
- control field: 31148
003 - CONTROL NUMBER IDENTIFIER
- control field: OSt
005 - DATE AND TIME OF LATEST TRANSACTION
- control field: 20220511130517.0
008 - FIXED-LENGTH DATA ELEMENTS
- fixed length control field: 220511|| aca||aabn | a|a d
040 ## - CATALOGING SOURCE
- Original cataloging agency: OSt
- Transcribing agency: OSt
150 ## - HEADING--TOPICAL TERM
- Topical term or geographic name entry element: Rent-seeking, Lobbying, Elections, Legislatures, Voting behavior
670 ## - SOURCE DATA FOUND
- Source citation: Work cat.: (OSt)518895: Colussi, T., Isphording, I.E. and Pestel, N. 31147, Minority salience and political extremism
